[Event "Jan Macieja Memorial"]
[Site "Warsaw POL"]
[Date "2023.07.10"]
[Round "8.44"]
[White "Szewczyk, Mariusz"]
[Black "Bukala, Weronika"]
[Result "1-0"]
[WhiteElo "1994"]
[BlackElo "1687"]
[EventDate "2023.07.10"]
[PlyCount "137"]

1.e4 c5 2.Nf3 d6 3.Bb5+ Bd7 4.Bxd7+ Qxd7 5.O-O Nc6 6.c3 g6 7.d4 cxd4 8.cxd4 Bg7 
9.Nc3 a6 10.Nd5 Qd8 11.e5 dxe5 12.dxe5 e6 13.Ne3 Qxd1 14.Rxd1 Nxe5 15.Nxe5 Bxe5 
16.Nc4 Bc7 17.Bg5 f6 18.Bh4 Rd8 19.Rxd8+ Kxd8 20.Re1 Ke7 21.Rc1 Nh6 22.Ne3 Bf4 
23.Bg3 Bxg3 24.hxg3 Rd8 25.Rc2 Nf7 26.Kf1 Ne5 27.Ke2 Rd7 28.f4 Nc6 29.Rc4 Nd4+ 
30.Kf2 Nb5 31.Ke2 Nd4+ 32.Kf2 Nb5 33.Rc2 Nd6 34.Kf3 Nb5 35.Kf2 Nd6 36.a4 Ne4+ 
37.Kf3 Nd2+ 38.Ke2 Ne4 39.g4 f5 40.g5 Nd6 41.b3 Kd8 42.Rc1 Rc7 43.Rd1 Rd7 
44.Rh1 Ne4 45.Rh2 Rd2+ 46.Ke1 Rd3 47.Nc4 Rd7 48.Ne5 Rc7 49.Rh3 Rc1+ 50.Ke2 Rc2+ 
51.Kf1 Rc1+ 52.Ke2 Rc2+ 53.Kd1 Rc7 54.Rd3+ Nd6 55.Rxd6+ Ke7 56.Rd3 b5 57.axb5 
axb5 58.Kd2 Ra7 59.Rc3 Ra2+ 60.Rc2 Ra3 61.Rc7+ Kd6 62.Rc3 Ra2+ 63.Rc2 Ra3 
64.Kc3 Ra7 65.Kb4 Rb7 66.Rc5 Ra7 67.Rxb5 Ra2 68.Rb7 Rxg2 69.Rd7# 1-0

[Event "Jan Macieja Memorial"]
[Site "Warsaw POL"]
[Date "2023.07.10"]
[Round "8.45"]
[White "Adamczyk, Zuzanna"]
[Black "Stefaniuk, Zbigniew"]
[Result "1-0"]
[WhiteElo "1983"]
[BlackElo "1684"]
[EventDate "2023.07.10"]
[PlyCount "92"]

1.d4 Nf6 2.c4 e6 3.Nf3 d5 4.g3 Bb4+ 5.Bd2 a5 6.a3 Be7 7.Bg2 O-O 8.O-O b6 9.cxd5 
exd5 10.Nc3 Bb7 11.Ne5 Nbd7 12.Bg5 Ne4 13.Bxe7 Qxe7 14.Nxd7 Qxd7 15.Nxe4 dxe4 
16.Rc1 Rad8 17.e3 c5 18.dxc5 Qxd1 19.Rfxd1 bxc5 20.Bf1 h6 21.Kg2 Rxd1 22.Rxd1 
Bc6 23.Rc1 Rd8 24.Rxc5 Ba4 25.Rxa5 Bc2 26.Rc5 Bd1 27.Rc1 Bf3+ 28.Kg1 Rd2 29.Rb1 
Kh7 30.Bg2 Bh5 31.Bxe4+ Bg6 32.Bxg6+ Kxg6 33.Kg2 Kf5 34.b4 Ke4 35.b5 Rd7 36.b6 
Rb7 37.a4 Kd5 38.a5 Kc6 39.Rc1+ Kb5 40.Rc7 Rb8 41.Rxf7 Kxa5 42.Rxg7 Rxb6 43.e4 
Re6 44.Kf3 Kb4 45.Rc7 Re8 46.Ke3 Re6 1-0

[Event "Jan Macieja Memorial"]
[Site "Warsaw POL"]
[Date "2023.07.10"]
[Round "8.46"]
[White "Zeissel, Andrzej"]
[Black "Paprocki, Antoni"]
[Result "0-1"]
[WhiteElo "1600"]
[BlackElo "1978"]
[EventDate "2023.07.10"]
[PlyCount "86"]

1.e4 e5 2.Nc3 Nf6 3.f4 d5 4.fxe5 Nxe4 5.Qf3 f5 6.d3 Nxc3 7.bxc3 d4 8.Qg3 Nc6 
9.Be2 Be6 10.Bf3 Qd7 11.Ne2 dxc3 12.Bxc6 Qxc6 13.Nd4 Qd5 14.Be3 O-O-O 15.O-O g6 
16.Rfb1 a6 17.Rb3 Bc5 18.Nxe6 Bxe3+ 19.Qxe3 Qxe6 20.Rab1 b6 21.Rxc3 Kb7 22.Qf3+ 
Qd5 23.Rcb3 Rhe8 24.Qxd5+ Rxd5 25.c4 Rdxe5 26.d4 Re1+ 27.Rxe1 Rxe1+ 28.Kf2 Rd1 
29.Ke3 Kc6 30.Rb2 Kd6 31.g3 Rc1 32.Kd3 a5 33.a4 Ra1 34.Kc3 Ra3+ 35.Rb3 Rxb3+ 
36.Kxb3 g5 37.Kc3 h5 38.Kd3 Ke6 39.Ke3 Kf6 40.h4 f4+ 41.Kf3 gxh4 42.gxh4 Kf5 
43.d5 Ke5 0-1

[Event "Jan Macieja Memorial"]
[Site "Warsaw POL"]
[Date "2023.07.10"]
[Round "8.47"]
[White "Serenkov, Boris"]
[Black "Adamski, Jan"]
[Result "0-1"]
[WhiteElo "1546"]
[BlackElo "1966"]
[EventDate "2023.07.10"]
[PlyCount "56"]

1.e4 c5 2.Nf3 a6 3.d4 cxd4 4.Nxd4 Nf6 5.Nc3 e5 6.Nf3 Bb4 7.Bd3 d5 8.exd5 e4 
9.O-O exd3 10.Re1+ Be7 11.Qxd3 O-O 12.Bf4 Bd6 13.Bg5 h6 14.Bh4 Bb4 15.Ne4 Bxe1 
16.Nxf6+ gxf6 17.Rxe1 Bg4 18.Nd2 Bh5 19.Ne4 Nd7 20.Qg3+ Bg6 21.f4 Qb6+ 22.Kh1 
Kh7 23.Nxf6+ Nxf6 24.f5 Bxf5 25.Qf4 Bg6 26.Bxf6 Rae8 27.Rc1 Qe3 28.Qh4 Qxc1+ 0-1

[Event "Jan Macieja Memorial"]
[Site "Warsaw POL"]
[Date "2023.07.10"]
[Round "8.48"]
[White "Korbal, Arkadiusz"]
[Black "Kudlak, Julia"]
[Result "1-0"]
[WhiteElo "1956"]
[BlackElo "1656"]
[EventDate "2023.07.10"]
[PlyCount "49"]

1.d4 Nf6 2.c4 g6 3.Nc3 d5 4.cxd5 Nxd5 5.e4 Nxc3 6.bxc3 Bg7 7.Nf3 c5 8.Rb1 Nc6 
9.d5 Bxc3+ 10.Bd2 Bxd2+ 11.Qxd2 Na5 12.Bb5+ Kf8 13.Qc3 f6 14.Qxc5 b6 15.Qc1 Bg4 
16.Nd4 Kf7 17.O-O Rc8 18.Qf4 h5 19.Rfc1 Bd7 20.Ba6 Rc5 21.Rxc5 bxc5 22.Nf3 Kg7 
23.e5 Rf8 24.e6 Ba4 25.Qxa4 1-0

[Event "Jan Macieja Memorial"]
[Site "Warsaw POL"]
[Date "2023.07.10"]
[Round "8.49"]
[White "Lasota, Adam"]
[Black "Jaszczuk, Piotr"]
[Result "0-1"]
[WhiteElo "1903"]
[BlackElo "1627"]
[EventDate "2023.07.10"]
[PlyCount "150"]

1.d4 Nf6 2.Bf4 e6 3.e3 c5 4.c3 cxd4 5.exd4 Nc6 6.Nd2 d6 7.Ngf3 Be7 8.h3 O-O 
9.Be2 Nd5 10.Bh2 Bf6 11.Ne4 Be7 12.O-O f5 13.Ned2 Bf6 14.Nc4 Be7 15.Re1 b5 
16.Ncd2 a6 17.Bd3 Bd7 18.Qe2 Qb6 19.a3 Rae8 20.Nf1 Qc7 21.Ne3 Nxe3 22.Qxe3 Bf6 
23.Bc2 e5 24.dxe5 dxe5 25.Rad1 Qb7 26.Qc5 e4 27.Nd2 Be5 28.Nf1 Bxh2+ 29.Kxh2 
Ne5 30.Ne3 Qb8 31.Kg1 Kh8 32.Rd6 Bc8 33.Red1 Nf7 34.R6d2 f4 35.Nd5 f3 36.g3 
Bxh3 37.Ne3 Bc8 38.Qh5 g6 39.Qh2 Qb7 40.Rd4 Ng5 41.Ng4 Bxg4 42.Qh6 Nf7 43.Qf4 
Bf5 44.g4 Bc8 45.Bxe4 Qe7 46.Re1 Qg5 47.Qxf3 Qxg4+ 48.Qxg4 Bxg4 49.Re3 Bc8 
50.f3 Ng5 51.Red3 Nxe4 52.fxe4 Bb7 53.Rd6 Bxe4 54.Re3 Bf5 55.Rxe8 Rxe8 56.Rxa6 
Re2 57.b4 Rc2 58.Ra8+ Kg7 59.Rb8 Bd3 60.Rd8 Bc4 61.Ra8 Rxc3 62.a4 bxa4 63.Rxa4 
Rb3 64.Ra7+ Kh6 65.Rb7 Rb2 66.Rb8 Kg5 67.Rb7 h5 68.Rb6 Bd3 69.Rd6 Bc4 70.Rb6 h4 
71.Rb8 Kg4 72.Rb6 g5 73.b5 h3 74.Rc6 h2+ 75.Kh1 Bd5# 0-1

[Event "Jan Macieja Memorial"]
[Site "Warsaw POL"]
[Date "2023.07.10"]
[Round "8.50"]
[White "Malowidzki, Maciej"]
[Black "Tsiapko, Andrii"]
[Result "0-1"]
[WhiteElo "1504"]
[BlackElo "1903"]
[EventDate "2023.07.10"]
[PlyCount "78"]

1.c4 e6 2.e4 d5 3.exd5 exd5 4.d4 Nf6 5.Nc3 Be7 6.Nf3 O-O 7.Be2 dxc4 8.Bxc4 c6 
9.h3 Nbd7 10.O-O Nb6 11.Bd3 h6 12.Re1 Be6 13.Bf4 Nbd5 14.Bg3 Re8 15.Rc1 Qa5 
16.Qd2 Nxc3 17.bxc3 Qxa2 18.Qxa2 Bxa2 19.c4 b5 20.cxb5 Bb4 21.Rxe8+ Nxe8 
22.bxc6 Bd5 23.c7 Be6 24.Rb1 a5 25.Bb5 Kf8 26.Rc1 Nd6 27.Ne5 Nxb5 28.Nc6 Rc8 
29.Nxb4 axb4 30.Rc5 Nxd4 31.Rc4 Ne2+ 32.Kh2 Nxg3 33.Rxb4 Nf5 34.g4 Nd6 35.Rb8 
Ke7 36.f4 Rxc7 37.f5 Bd5 38.Rb2 Ne4 39.Re2 Kf6 0-1

[Event "Jan Macieja Memorial"]
[Site "Warsaw POL"]
[Date "2023.07.10"]
[Round "8.51"]
[White "Szlod, Wiktor"]
[Black "Siekanska, Maria"]
[Result "0-1"]
[WhiteElo "1439"]
[BlackElo "1902"]
[EventDate "2023.07.10"]
[PlyCount "64"]

1.e4 c5 2.d4 cxd4 3.c3 Nf6 4.e5 Nd5 5.cxd4 d6 6.Nf3 e6 7.Nc3 Nxc3 8.bxc3 Qc7 
9.Bb2 Nd7 10.Bb5 a6 11.Bxd7+ Bxd7 12.Qc2 Bb5 13.Rc1 Bc4 14.a3 Rc8 15.Qa4+ Bb5 
16.Qb3 Be7 17.exd6 Bxd6 18.Nd2 Bf4 19.Qc2 O-O 20.a4 Bc4 21.Nxc4 Bxc1 22.Qxc1 
Qxc4 23.Qc2 Rfe8 24.f4 b5 25.axb5 axb5 26.Kf2 b4 27.Rc1 bxc3 28.Qxc3 Qa6 29.Qd2 
Rxc1 30.Bxc1 Rc8 31.Bb2 Qc4 32.Qe2 Qxe2+ 0-1

[Event "Jan Macieja Memorial"]
[Site "Warsaw POL"]
[Date "2023.07.10"]
[Round "8.52"]
[White "Babiarz, Arkadiusz"]
[Black "Matskevich, Varvara"]
[Result "1-0"]
[WhiteElo "1895"]
[BlackElo "1628"]
[EventDate "2023.07.10"]
[PlyCount "85"]

1.e4 c5 2.Nf3 Nc6 3.b4 Nxb4 4.c3 Nc6 5.d4 cxd4 6.cxd4 d5 7.exd5 Qxd5 8.Nc3 Qd8 
9.d5 Na5 10.Bf4 Nf6 11.Nb5 e5 12.Nxe5 Bb4+ 13.Bd2 Bxd2+ 14.Qxd2 O-O 15.Be2 Re8 
16.f4 a6 17.Nc3 b5 18.Bf3 Nc4 19.Qd4 Nd7 20.O-O Ndxe5 21.fxe5 Nxe5 22.Be4 Qd6 
23.Rae1 Bb7 24.Bc2 g6 25.Ne4 Qc7 26.Nf6+ Kf8 27.Nxe8 Rxe8 28.Bb3 Qd6 29.Rc1 a5 
30.Qc5 Qxc5+ 31.Rxc5 a4 32.Bc2 Rd8 33.Be4 Ba6 34.Rc7 f5 35.Bc2 b4 36.Re1 Rxd5 
37.Rxh7 b3 38.axb3 Rc5 39.bxa4 Rxc2 40.Rxe5 Ra2 41.Ra5 Bc8 42.Ra8 Rc2 43.Rh8+ 1-0

[Event "Jan Macieja Memorial"]
[Site "Warsaw POL"]
[Date "2023.07.10"]
[Round "8.53"]
[White "Lecki, Leonard"]
[Black "Rzap, Filip"]
[Result "1-0"]
[WhiteElo "1879"]
[BlackElo "1546"]
[EventDate "2023.07.10"]
[PlyCount "57"]

1.e4 c5 2.Nf3 d6 3.d4 cxd4 4.Nxd4 Nf6 5.Nc3 a6 6.g3 e5 7.Nde2 Be7 8.Bg2 O-O 
9.O-O b5 10.h3 Bb7 11.g4 b4 12.Nd5 Nxd5 13.exd5 Nd7 14.Ng3 g6 15.a3 a5 16.Bd2 
Qb6 17.Be3 Qc7 18.Qd2 Rfc8 19.axb4 axb4 20.Qxb4 Rab8 21.Ra7 Nf6 22.c3 Bf8 23.g5 
Nd7 24.Ne4 Be7 25.Rfa1 Kg7 26.R1a5 Nc5 27.Rb5 Qd7 28.Bxc5 dxc5 29.Rbxb7 1-0

[Event "Jan Macieja Memorial"]
[Site "Warsaw POL"]
[Date "2023.07.10"]
[Round "8.56"]
[White "Wojtas, Jan"]
[Black "Lada, Marek"]
[Result "1-0"]
[WhiteElo "1297"]
[BlackElo "2133"]
[EventDate "2023.07.10"]
[PlyCount "85"]

1.e4 c5 2.Nf3 d6 3.d4 cxd4 4.Nxd4 Nf6 5.Nc3 a6 6.Be2 e6 7.O-O Be7 8.Kh1 O-O 
9.f4 Qc7 10.Bf3 Nc6 11.Nb3 Rd8 12.Qe1 Rb8 13.Be3 b5 14.Rd1 Bb7 15.Qf2 Ba8 16.h3 
Rdc8 17.g4 Nd8 18.g5 Nd7 19.Rd2 Nf8 20.f5 exf5 21.exf5 Bxf3+ 22.Qxf3 Nd7 23.Nd5 
Ne5 24.Nxc7 Nxf3 25.Rxf3 Rxc7 26.f6 Bf8 27.Bf4 Ne6 28.Bxd6 Bxd6 29.Rxd6 Rxc2 
30.fxg7 Rb7 31.Nd4 Nxg5 32.Rg3 Ne6 33.Nxe6 fxe6 34.Rd8+ Kf7 35.g8=Q+ Kf6 
36.Rf8+ Ke5 37.Qg5+ Kd6 38.Rd8+ Kc6 39.Rc3+ Rxc3 40.bxc3 a5 41.Rc8+ Kb6 42.Qd8+ 
Ka7 43.Ra8# 1-0

[Event "Jan Macieja Memorial"]
[Site "Warsaw POL"]
[Date "2023.07.10"]
[Round "8.57"]
[White "Kubicka, Anna"]
[Black "Zareba, Piotr"]
[Result "0-1"]
[WhiteElo "2144"]
[BlackElo "1743"]
[EventDate "2023.07.10"]
[PlyCount "126"]

1.e4 c5 2.Ne2 Nc6 3.g3 g6 4.Bg2 Bg7 5.O-O d6 6.c3 e6 7.d4 cxd4 8.cxd4 Nge7 9.h3 
O-O 10.Nbc3 d5 11.e5 a6 12.Bg5 h6 13.Bf4 b5 14.Qd2 Kh7 15.b3 Bd7 16.Rac1 Rc8 
17.Be3 Nf5 18.Nf4 f6 19.exf6 Bxf6 20.Nce2 Qb6 21.Rfd1 Rc7 22.g4 Nxe3 23.fxe3 
Bg5 24.Qd3 Ne7 25.Rxc7 Qxc7 26.Rc1 Qd6 27.Rc5 Be8 28.b4 Bf7 29.a3 Nc8 30.Qc2 
Ne7 31.Rc3 e5 32.dxe5 Qxe5 33.Qd3 Rd8 34.Qd4 Qd6 35.Rc5 Bf6 36.Qd3 Kg7 37.Nd4 
Rc8 38.Qc2 Rd8 39.Nc6 Nxc6 40.Rxc6 Qe5 41.Qc1 d4 42.exd4 Rxd4 43.Qf1 Rxf4 
44.Qd1 Qd4+ 45.Qxd4 Bxd4+ 46.Kh2 Rf2 47.Rxa6 Bd5 48.Rd6 Rxg2+ 49.Kh1 Ba8 50.Rd8 
Kf6 51.Rxa8 Ra2 52.Ra5 Bb2 53.Rxb5 Rxa3 54.Kg2 Rb3 55.h4 Ba3 56.Rb6+ Kg7 57.b5 
Bc5 58.Rb7+ Kf6 59.Kh2 g5 60.hxg5+ Kxg5 61.Rg7+ Kh4 62.Rg6 Rb2+ 63.Kh1 Kg3 0-1

[Event "Jan Macieja Memorial"]
[Site "Warsaw POL"]
[Date "2023.07.10"]
[Round "8.58"]
[White "Yasmo, Daniil"]
[Black "Zalega, Maciej"]
[Result "0-1"]
[WhiteElo "1678"]
[BlackElo "1992"]
[EventDate "2023.07.10"]
[PlyCount "46"]

1.d4 Nf6 2.c4 g6 3.Nc3 Bg7 4.e4 d6 5.h3 O-O 6.Be3 c5 7.d5 e6 8.g4 exd5 9.cxd5 
b5 10.Bxb5 Nxe4 11.Nxe4 Qa5+ 12.Nc3 Bxc3+ 13.bxc3 Qxb5 14.Qe2 Qa5 15.Qd2 Ba6 
16.h4 Nd7 17.h5 Ne5 18.hxg6 fxg6 19.f4 Rae8 20.Rh3 Nc4 21.Qc1 Rxf4 22.Ne2 Rfe4 
23.Qb1 Nxe3 0-1

[Event "Jan Macieja Memorial"]
[Site "Warsaw POL"]
[Date "2023.07.10"]
[Round "8.59"]
[White "Goslawski, Michal"]
[Black "Zajkowska, Olga"]
[Result "1-0"]
[WhiteElo "1989"]
[BlackElo "1722"]
[EventDate "2023.07.10"]
[PlyCount "59"]

1.Nf3 Nf6 2.c4 g6 3.g3 Bg7 4.Bg2 d6 5.O-O O-O 6.d4 c6 7.Nc3 Nbd7 8.h3 e5 9.e4 
Qe7 10.Re1 Re8 11.Be3 Nf8 12.Qc2 Nh5 13.Rad1 f5 14.exf5 Bxf5 15.Qc1 Nf6 16.dxe5 
dxe5 17.g4 Nxg4 18.hxg4 Bxg4 19.Ne4 Ne6 20.c5 Rf8 21.Nfg5 Bxd1 22.Rxd1 Nxg5 
23.Bxg5 Qe6 24.b3 Rae8 25.Qc3 h6 26.Be3 Rd8 27.Rc1 Qg4 28.Qc4+ Kh8 29.Nd6 Rd7 
30.Qxg4 1-0

[Event "Jan Macieja Memorial"]
[Site "Warsaw POL"]
[Date "2023.07.10"]
[Round "8.60"]
[White "Taranowicz, Michal"]
[Black "Adamchyk, Miraslau"]
[Result "1-0"]
[WhiteElo "1975"]
[BlackElo "1612"]
[EventDate "2023.07.10"]
[PlyCount "79"]

1.e4 c5 2.Nf3 d6 3.d4 cxd4 4.Nxd4 Nf6 5.Nc3 Nc6 6.Bg5 h6 7.Bxf6 exf6 8.Bc4 Be7 
9.Bb3 O-O 10.O-O a6 11.Nxc6 bxc6 12.Qf3 Be6 13.Rfd1 Qc7 14.Rd3 c5 15.Nd5 Bxd5 
16.Bxd5 Rab8 17.b3 a5 18.Qg4 Qc8 19.Qh5 f5 20.exf5 Bf6 21.Rad1 Qc7 22.Rg3 Be5 
23.Rg4 Rb4 24.c4 Kh7 25.Rd3 a4 26.g3 axb3 27.axb3 Qa7 28.Kg2 Qe7 29.Re3 Qf6 
30.Rge4 Bd4 31.Rf3 Be5 32.h4 Rb6 33.g4 Ra6 34.g5 Qe7 35.Rg4 Ra2 36.gxh6 gxh6 
37.f6 Bxf6 38.Qf5+ Kh8 39.Qxf6+ Qxf6 40.Rxf6 1-0

[Event "Jan Macieja Memorial"]
[Site "Warsaw POL"]
[Date "2023.07.10"]
[Round "8.61"]
[White "Piotrowski, Daniel"]
[Black "Krzyzewski, Radoslaw"]
[Result "0-1"]
[WhiteElo "1906"]
[BlackElo "1612"]
[EventDate "2023.07.10"]
[PlyCount "46"]

1.e4 c5 2.Nf3 Nc6 3.d4 cxd4 4.Nxd4 e5 5.Nb5 a6 6.Nd6+ Bxd6 7.Qxd6 Qf6 8.Qd1 Qg6 
9.Nc3 Nf6 10.f3 O-O 11.Be3 d5 12.exd5 Nb4 13.Rc1 Bf5 14.Kf2 Rfd8 15.Bd3 Nxd3+ 
16.cxd3 Nxd5 17.Nxd5 Rxd5 18.Qb3 Rxd3 19.Qxb7 Rad8 20.Rc3 Rd2+ 21.Bxd2 Rxd2+ 
22.Ke3 Qg5+ 23.f4 Qxf4# 0-1

[Event "Jan Macieja Memorial"]
[Site "Warsaw POL"]
[Date "2023.07.10"]
[Round "8.62"]
[White "Pesko, Tomasz"]
[Black "Malicki, Jan"]
[Result "1-0"]
[WhiteElo "1904"]
[BlackElo "1551"]
[EventDate "2023.07.10"]
[PlyCount "37"]

1.d4 Nf6 2.c4 g6 3.Nc3 d5 4.Nf3 Bg7 5.g3 O-O 6.Bg2 c5 7.cxd5 Nxd5 8.O-O Nc6 
9.dxc5 Nxc3 10.bxc3 Qa5 11.Be3 Rd8 12.Qb3 Qxc3 13.Qxc3 Bxc3 14.Rab1 Be6 15.Rxb7 
Bxa2 16.Rc1 Bf6 17.Nd2 Bd5 18.Ne4 Bd4 19.Nc3 1-0

[Event "Jan Macieja Memorial"]
[Site "Warsaw POL"]
[Date "2023.07.10"]
[Round "9.1"]
[White "Nasuta, Grzegorz"]
[Black "Kazakouski, Valery"]
[Result "0-1"]
[WhiteElo "2449"]
[BlackElo "2546"]
[EventDate "2023.07.10"]
[PlyCount "52"]

1.e4 c5 2.Nf3 a6 3.g3 b5 4.Bg2 Bb7 5.d4 cxd4 6.Nxd4 e6 7.O-O Nc6 8.Be3 Ne5 
9.Nd2 Nf6 10.h3 Rc8 11.Re1 Be7 12.a4 b4 13.Qe2 Qc7 14.Rac1 O-O 15.b3 Rfd8 16.f4 
Ng6 17.Qf2 Bc5 18.Kh1 Ne7 19.Kh2 d5 20.e5 Ne4 21.Nxe4 dxe4 22.Red1 Nd5 23.Qe2 
Nxe3 24.Qxe3 Qb6 25.c3 bxc3 26.a5 Bxd4 0-1

[Event "Jan Macieja Memorial"]
[Site "Warsaw POL"]
[Date "2023.07.10"]
[Round "9.2"]
[White "Piorun, Kacper"]
[Black "Cherniaiev, Tykhon"]
[Result "1-0"]
[WhiteElo "2583"]
[BlackElo "2450"]
[EventDate "2023.07.10"]
[PlyCount "115"]

1.e4 e5 2.Nc3 Nf6 3.Bc4 Nc6 4.d3 Bb4 5.Ne2 d5 6.exd5 Nxd5 7.O-O Nxc3 8.bxc3 Bd6 
9.Ng3 O-O 10.a4 Re8 11.Qh5 Be6 12.Bb5 a6 13.Bxc6 bxc6 14.Ne4 f6 15.f4 Bd5 
16.Ng3 exf4 17.Bxf4 Bxf4 18.Rxf4 Qd6 19.Rf2 Re5 20.Qg4 Rg5 21.Qf4 Qxf4 22.Rxf4 
Rb8 23.Rb4 Re8 24.Kf2 c5 25.Rf4 Rb8 26.c4 Bc6 27.h4 Re5 28.Re1 Rb2 29.Rxe5 fxe5 
30.Rf5 Rxc2+ 31.Ke3 Rxg2 32.Ne2 Bxa4 33.Rxe5 Bd1 34.Nf4 Rg4 35.Rxc5 Rxh4 
36.Rxc7 Rg4 37.d4 Rg3+ 38.Ke4 Bc2+ 39.Ke5 Rg5+ 40.Kd6 Rf5 41.Ne6 h5 42.Rxg7+ 
Kh8 43.Rg2 Bb3 44.c5 Rd5+ 45.Ke7 Ba4 46.Rb2 Kh7 47.Kf6 Bd7 48.Rb7 Kg8 49.Rb8+ 
Kh7 50.Nf8+ Kh6 51.Nxd7 Rxd7 52.Rh8+ Rh7 53.Rxh7+ Kxh7 54.c6 h4 55.c7 h3 
56.c8=Q h2 57.Qd7+ Kh8 58.Qg7# 1-0

[Event "Jan Macieja Memorial"]
[Site "Warsaw POL"]
[Date "2023.07.10"]
[Round "9.3"]
[White "Socko, Bartosz"]
[Black "Baum, Jonasz"]
[Result "0-1"]
[WhiteElo "2520"]
[BlackElo "2277"]
[EventDate "2023.07.10"]
[PlyCount "80"]

1.g3 d5 2.Bg2 g6 3.Nf3 Bg7 4.d4 Nf6 5.c4 c6 6.Qb3 a5 7.O-O O-O 8.Rd1 a4 9.Qb4 
dxc4 10.Qxc4 Bf5 11.e3 Qd5 12.Qe2 Bxb1 13.Rxb1 Qxa2 14.Bd2 Qb3 15.e4 Nbd7 
16.Bc3 Rfd8 17.Nd2 Qe6 18.Ra1 Nd5 19.f4 Nxc3 20.bxc3 b5 21.e5 Nb6 22.Ne4 Qc4 
23.Qb2 Nd5 24.Bf1 Qb3 25.Qd2 a3 26.Rdb1 Qa4 27.Nc5 Qa7 28.Rb3 a2 29.Rb2 Qb6 
30.Bg2 e6 31.Rbxa2 Rxa2 32.Rxa2 Bf8 33.Ra6 Qc7 34.Nd3 c5 35.Bxd5 Rxd5 36.Ra8 
cxd4 37.cxd4 Rxd4 38.Qe2 Qb6 39.Kf1 Rd8 40.Nf2 Rxa8 0-1

[Event "Jan Macieja Memorial"]
[Site "Warsaw POL"]
[Date "2023.07.10"]
[Round "9.4"]
[White "Gagare, Shardul"]
[Black "Kowalski, Igor"]
[Result "1-0"]
[WhiteElo "2482"]
[BlackElo "2367"]
[EventDate "2023.07.10"]
[PlyCount "63"]

1.c4 e5 2.g3 Nf6 3.Bg2 Nc6 4.Nc3 Bb4 5.Nd5 O-O 6.a3 Bc5 7.e3 a5 8.b3 d6 9.Bb2 
Nxd5 10.cxd5 Ne7 11.Ne2 Bf5 12.d4 exd4 13.Nxd4 Bg6 14.O-O Nf5 15.Ne2 Re8 16.e4 
Nh6 17.Qc2 Qg5 18.Nf4 Bb6 19.Kh1 Ng4 20.h3 Nf6 21.h4 Qg4 22.Rae1 Nh5 23.Qc3 
Bxe4 24.Rxe4 Rxe4 25.Bxe4 Nxf4 26.gxf4 f6 27.Qf3 Qxh4+ 28.Kg2 f5 29.Bxf5 Rf8 
30.Rh1 Qe7 31.Bxh7+ Kf7 32.Qh5+ 1-0

[Event "Jan Macieja Memorial"]
[Site "Warsaw POL"]
[Date "2023.07.10"]
[Round "9.6"]
[White "Malek, Jan"]
[Black "Bartel, Mateusz"]
[Result "0-1"]
[WhiteElo "2255"]
[BlackElo "2529"]
[EventDate "2023.07.10"]
[PlyCount "114"]

1.d4 Nf6 2.c4 e6 3.Nc3 Bb4 4.e3 O-O 5.Bd3 c5 6.Ne2 d6 7.O-O Nc6 8.a3 Ba5 9.Bd2 
Qe7 10.Rb1 Bxc3 11.Bxc3 e5 12.d5 e4 13.Bxf6 Qxf6 14.Bxe4 Ne5 15.Ng3 g6 16.Qc2 
h5 17.h4 Qxh4 18.Bd3 Bh3 19.gxh3 Qxh3 20.Be4 Ng4 21.Rfe1 Qh2+ 22.Kf1 h4 23.f3 
f5 24.Qxh2 Nxh2+ 25.Kg2 fxe4 26.Nxe4 Nxf3 27.Rf1 Rae8 28.Rxf3 Rxe4 29.b4 cxb4 
30.Rxb4 Rg4+ 31.Kf2 h3 32.Rxf8+ Kxf8 33.Rxb7 Kg8 34.c5 h2 35.Rb1 dxc5 36.Rh1 
Rh4 37.Kg3 Rh5 38.e4 Kf7 39.Kf4 c4 40.e5 c3 41.Ke3 Rxe5+ 42.Kd4 Rh5 43.Kxc3 Ke7 
44.Kd4 Kd6 45.Ke4 a5 46.a4 Rh4+ 47.Kf3 Kxd5 48.Kg3 Rh5 49.Kg2 Kc4 50.Rc1+ Kb3 
51.Kh1 Kxa4 52.Rc6 Rg5 53.Kxh2 Kb5 54.Rc8 a4 55.Rb8+ Kc4 56.Kh3 a3 57.Ra8 Kb4 0-1

[Event "Jan Macieja Memorial"]
[Site "Warsaw POL"]
[Date "2023.07.10"]
[Round "9.7"]
[White "Heberla, Bartlomiej"]
[Black "Minald, Andrey"]
[Result "1-0"]
[WhiteElo "2450"]
[BlackElo "2155"]
[EventDate "2023.07.10"]
[PlyCount "55"]

1.d4 f5 2.Bg5 g6 3.Nc3 Bg7 4.e4 d6 5.exf5 Bxf5 6.Bd3 Qd7 7.Nf3 Nc6 8.d5 Ne5 
9.Nxe5 Bxe5 10.O-O a6 11.Ne2 h6 12.Bf4 Bg7 13.Ng3 Bxd3 14.Qxd3 Qg4 15.Be3 Kf7 
16.Rae1 Nf6 17.Bd4 Rhe8 18.h3 Qd7 19.Re6 c5 20.Bxf6 exf6 21.Rfe1 f5 22.Nxf5 
gxf5 23.Qxf5+ Kg8 24.Rxe8+ Qxe8 25.Rxe8+ Rxe8 26.Kf1 Re7 27.Qg6 Rd7 28.Qe8+ 1-0

[Event "Jan Macieja Memorial"]
[Site "Warsaw POL"]
[Date "2023.07.10"]
[Round "9.8"]
[White "Kanarek, Marcel"]
[Black "Chylewski, Patryk"]
[Result "1-0"]
[WhiteElo "2388"]
[BlackElo "2226"]
[EventDate "2023.07.10"]
[PlyCount "93"]

1.e4 c5 2.Nf3 e6 3.d4 cxd4 4.Nxd4 Nc6 5.Nc3 Qc7 6.Be2 a6 7.Be3 Nf6 8.O-O Bb4 
9.Na4 O-O 10.Nxc6 bxc6 11.Nb6 Rb8 12.Nxc8 Rfxc8 13.Bxa6 Rd8 14.Bd3 Bd6 15.Kh1 
Rxb2 16.Bd4 Rbb8 17.Bxf6 gxf6 18.f4 Kh8 19.e5 Be7 20.Qh5 f5 21.Qxf7 Bc5 22.Qf6+ 
Kg8 23.Rf3 Bf2 24.Rxf2 Rf8 25.Qg5+ Kh8 26.Rf3 Qb6 27.Raf1 Rf7 28.Rg3 Qa5 29.Qh5 
Rbf8 30.h3 Qxa2 31.Qe2 Qa3 32.Kh2 Rg8 33.Rxg8+ Kxg8 34.Qf2 Rg7 35.Qe2 Qb4 
36.Rf3 Qd4 37.Qe3 Qb4 38.Rg3 c5 39.Rxg7+ Kxg7 40.c4 Qc3 41.Kg3 Kf7 42.Kf2 Qb2+ 
43.Be2 Qc2 44.Qd3 Qa4 45.Qd6 Qa7 46.Bh5+ Kg7 47.Qe7+ 1-0

[Event "Jan Macieja Memorial"]
[Site "Warsaw POL"]
[Date "2023.07.10"]
[Round "9.9"]
[White "Sriram, Jha"]
[Black "Sengupta, Deep"]
[Result "1/2-1/2"]
[WhiteElo "2221"]
[BlackElo "2361"]
[EventDate "2023.07.10"]
[PlyCount "85"]

1.d4 Nf6 2.Nf3 e6 3.c4 c5 4.d5 exd5 5.cxd5 d6 6.Nc3 g6 7.Nd2 Bg7 8.e4 O-O 9.Be2 
Re8 10.O-O b6 11.f3 Ba6 12.a4 Bxe2 13.Qxe2 Nbd7 14.Nc4 Ne5 15.Nxe5 Rxe5 16.Bf4 
Re8 17.Qd2 a6 18.Rfe1 Nh5 19.Bg5 Bf6 20.Be3 Rb8 21.Qd3 b5 22.axb5 axb5 23.Nxb5 
Qb6 24.Na7 Qb3 25.Qxb3 Rxb3 26.Nc6 Rxb2 27.Rab1 Ra8 28.Rxb2 Bxb2 29.g4 Nf6 
30.Bf4 Ne8 31.Rb1 Ra2 32.Bc1 Bxc1 33.Rxc1 f5 34.gxf5 gxf5 35.e5 dxe5 36.Nxe5 
Re2 37.f4 Nf6 38.Rxc5 Rd2 39.Rc8+ Kg7 40.Rc7+ Kg8 41.Rc8+ Kg7 42.Rc7+ Kg8 
43.Nf7 1/2-1/2

[Event "Jan Macieja Memorial"]
[Site "Warsaw POL"]
[Date "2023.07.10"]
[Round "9.10"]
[White "Kopczynski, Michal"]
[Black "Pacan-milej, Kosma"]
[Result "0-1"]
[WhiteElo "2210"]
[BlackElo "2302"]
[EventDate "2023.07.10"]
[PlyCount "88"]

1.e4 c6 2.d4 d5 3.e5 Bf5 4.g4 Bd7 5.Be3 e6 6.Bd3 c5 7.dxc5 Nc6 8.f4 h5 9.gxh5 
Qh4+ 10.Kf1 Nh6 11.Qe2 Ng4 12.Bd2 Bxc5 13.Nf3 Qh3+ 14.Qg2 Ne3+ 15.Bxe3 Qxg2+ 
16.Kxg2 Bxe3 17.f5 Rxh5 18.Nc3 a6 19.Rae1 Bf4 20.fxe6 Bxe6 21.Ne2 Bxe5 22.Nxe5 
Rxe5 23.Nf4 Kd7 24.Rxe5 Nxe5 25.Re1 Nc6 26.Kf2 Rh8 27.h3 g5 28.Nxe6 fxe6 29.Kg3 
Kd6 30.Kg4 Ne5+ 31.Kg3 Rh4 32.Rf1 Rd4 33.Bh7 Rd2 34.Rf8 Nc4 35.b3 Ne3 36.c4 d4 
37.Rf7 b6 38.Ra7 a5 39.Rb7 Kc5 40.Rc7+ Kb4 41.Rc6 d3 42.Rxb6+ Kc3 43.Rxe6 Re2 
44.Bxd3 Nf1+ 0-1

[Event "Jan Macieja Memorial"]
[Site "Warsaw POL"]
[Date "2023.07.10"]
[Round "9.11"]
[White "Sieciechowicz, Marcin"]
[Black "Kokoszczynski, Jan"]
[Result "0-1"]
[WhiteElo "2294"]
[BlackElo "2198"]
[EventDate "2023.07.10"]
[PlyCount "110"]

1.d4 Nf6 2.c4 e6 3.Nc3 Bb4 4.Qc2 O-O 5.Nf3 d6 6.e4 c5 7.dxc5 Bxc5 8.Be2 h6 
9.O-O Nc6 10.a3 a5 11.b3 e5 12.h3 Be6 13.Bb2 Qb6 14.Na4 Qa7 15.Nxc5 Qxc5 
16.Rad1 b5 17.Qd3 bxc4 18.Qxd6 Nxe4 19.Qxc5 Nxc5 20.Rd6 Rfc8 21.bxc4 f6 22.Rfd1 
Rab8 23.Bc1 Kf7 24.Be3 Ne4 25.R6d3 Ne7 26.Nd2 Nxd2 27.R3xd2 Bxc4 28.Bf3 Bb3 
29.Rb1 Be6 30.Rbd1 Nf5 31.Bh5+ g6 32.Bg4 Nxe3 33.Bxe6+ Kxe6 34.Rd6+ Ke7 35.Rd7+ 
Ke6 36.R1d6+ Kf5 37.fxe3 Rf8 38.Rd5 Rb3 39.Rxa5 Rxe3 40.Ra6 h5 41.a4 g5 42.Rdd6 
g4 43.hxg4+ hxg4 44.Kf2 Ra3 45.g3 Kg5 46.a5 Rb8 47.Rxf6 Rb2+ 48.Kg1 Rxg3+ 
49.Kh1 Ra3 50.Rf1 g3 51.Kg1 g2 52.Re1 Rh3 53.Rxe5+ Kf4 54.Re2 Rxe2 55.Rf6+ Ke5 0-1

[Event "Jan Macieja Memorial"]
[Site "Warsaw POL"]
[Date "2023.07.10"]
[Round "9.12"]
[White "Karpus, Michal"]
[Black "Zochowski, Kacper"]
[Result "1-0"]
[WhiteElo "2181"]
[BlackElo "2262"]
[EventDate "2023.07.10"]
[PlyCount "55"]

1.e4 d6 2.d4 Nf6 3.Nc3 e5 4.Nf3 Nbd7 5.Rg1 Be7 6.Be3 O-O 7.g4 c6 8.g5 Nh5 9.Qd2 
b5 10.O-O-O b4 11.Ne2 Qa5 12.Kb1 Nb6 13.Nc1 Be6 14.Nb3 Bxb3 15.cxb3 Rfd8 16.Qc2 
d5 17.Nxe5 Rac8 18.Nxc6 Rxc6 19.Qxc6 dxe4 20.Be2 g6 21.Bxh5 gxh5 22.g6 fxg6 
23.Rxg6+ Kh8 24.Re6 Nd5 25.Rxe7 Nxe7 26.Qf6+ Kg8 27.Qxe7 Rd5 28.Rg1+ 1-0